In the Slips (Record no. 119024)

MARC details
000 -LEADER
fixed length control field 00626cas a22002055a 4500
001 - CONTROL NUMBER
control field L138756
008 - FIXED-LENGTH DATA ELEMENTS--GENERAL INFORMATION
fixed length control field 070709d19992001xxkfr p 0 a0eng u
035 ## - SYSTEM CONTROL NUMBER
System control number (Sirsi) u138756
041 0# - LANGUAGE CODE
Language code of text/sound track or separate title eng
110 2# - MAIN ENTRY--CORPORATE NAME
Corporate name or jurisdiction name as entry element Royal Institution of Chartered Surveyors
Subordinate unit Middlesex and Urban Essex Branch
9 (RLIN) 5196
245 00 - TITLE STATEMENT
Title In the Slips
260 ## - PUBLICATION, DISTRIBUTION, ETC.
Place of publication, distribution, etc. Ingatestone
Name of publisher, distributor, etc. RICS
Date of publication, distribution, etc. 1999-2001
362 0# - DATES OF PUBLICATION AND/OR SEQUENTIAL DESIGNATION
Dates of publication and/or sequential designation (1) May 1999-(4) July 2000
520 ## - SUMMARY, ETC.
Summary, etc. Compliments the Branch Newsletter 'Outside Edge'.
554 ## -
-- Two per year
651 #4 - SUBJECT ADDED ENTRY--GEOGRAPHIC NAME
Geographic name Middlesex
651 #4 - SUBJECT ADDED ENTRY--GEOGRAPHIC NAME
Geographic name Essex
690 ## - LOCAL SUBJECT ADDED ENTRY--TOPICAL TERM (OCLC, RLIN)
Topical term or geographic name as entry element MANAGEMENT-BUSINESS MANAGEMENT-PROFESSIONAL PRACTICE
942 ## - ADDED ENTRY ELEMENTS (KOHA)
Suppress in OPAC 0
Holdings
Withdrawn status Lost status Source of classification or shelving scheme Damaged status Not for loan Home library Current library Shelving location Date acquired Total Checkouts Full call number Barcode Date last seen Price effective from Koha item type
    Dewey Decimal Classification     London London Basement 09/07/2007   IN THE SLIPS 138756-1001 06/08/2019 06/08/2019 Journal